Bumble bees / (Record no. 9160)
[ view plain ]
| 000 -LEADER | |
|---|---|
| fixed length control field | 00826nam a22002897a 4500 |
| 001 - CONTROL NUMBER | |
| control field | 9160 |
| 003 - CONTROL NUMBER IDENTIFIER | |
| control field | FISKH |
| 005 - DATE AND TIME OF LATEST TRANSACTION | |
| control field | 20251126101542.0 |
| 008 - FIXED-LENGTH DATA ELEMENTS--GENERAL INFORMATION | |
| fixed length control field | 251126b cb ||||| |||| 00| 0 eng d |
| 020 ## - INTERNATIONAL STANDARD BOOK NUMBER | |
| International Standard Book Number | 9780736882071 |
| 040 ## - CATALOGING SOURCE | |
| Original cataloging agency | FISKH |
| Language of cataloging | eng |
| Transcribing agency | FISKH |
| Modifying agency | FISKH |
| 050 ## - LIBRARY OF CONGRESS CALL NUMBER | |
| Classification number | QL568.A6 C589 |
| 082 ## - DEWEY DECIMAL CLASSIFICATION NUMBER | |
| Classification number | 595.79 |
| 100 ## - MAIN ENTRY--PERSONAL NAME | |
| Personal name | Coughlan, Cheryl |
| Relator term | Author |
| 245 ## - TITLE STATEMENT | |
| Title | Bumble bees / |
| Statement of responsibility, etc. | by Cheryl Coughlan |
| 260 ## - PUBLICATION, DISTRIBUTION, ETC. | |
| Place of publication, distribution, etc. | Minnesota : |
| Name of publisher, distributor, etc. | Capstone Press , |
| Date of publication, distribution, etc. | 1998 |
| 300 ## - PHYSICAL DESCRIPTION | |
| Extent | 24 pages : |
| Other physical details | color illustrations ; |
| Dimensions | 18 cm |
| 490 ## - SERIES STATEMENT | |
| Series statement | Pebble books : |
| Volume/sequential designation | Insects |
| 505 ## - FORMATTED CONTENTS NOTE | |
| Formatted contents note | C<br/> |
| 520 ## - SUMMARY, ETC. | |
| Summary, etc. | Simple text and photographs present the color and body parts of bumblebees. |
| 521 8# - TARGET AUDIENCE NOTE | |
| Target audience note | 140<br/> |
| Source | Lexile<br/> |
| 521 8# - TARGET AUDIENCE NOTE | |
| Target audience note | C<br/> |
| Source | Raz-Plus<br/> |
| 650 ## - SUBJECT ADDED ENTRY--TOPICAL TERM | |
| Topical term or geographic name entry element | Non-fiction |
| Form subdivision | Animals |
| 650 ## - SUBJECT ADDED ENTRY--TOPICAL TERM | |
| Topical term or geographic name entry element | Insects |
| Form subdivision | Bees |
| 942 ## - ADDED ENTRY ELEMENTS (KOHA) | |
| Source of classification or shelving scheme | Dewey Decimal Classification |
| Koha item type | Books |
| Suppress in OPAC | No |
| Withdrawn status | Lost status | Source of classification or shelving scheme | Damaged status | Not for loan | Collection | Home library | Current library | Shelving location | Date acquired | Total Checkouts | Full call number | Barcode | Date last seen | Copy number | Price effective from | Koha item type |
|---|---|---|---|---|---|---|---|---|---|---|---|---|---|---|---|---|
| Dewey Decimal Classification | Non-Fiction | Footprints International School Library Network Toul Tom Poung Campus | Footprints International School Library Network Toul Tom Poung Campus | TTP Primary Green Bookshelves | 11/26/2025 | COU 595.79 QL568.A6 C589 | FIS03747 | 11/26/2025 | 1 | 11/26/2025 | Books |
